LEADER 00873nam0-2200289---450- 001 990008481210403321 005 20070625160959.0 035 $a000848121 035 $aFED01000848121 035 $a(Aleph)000848121FED01 035 $a000848121 100 $a20070309d1954----km-y0itay50------ba 101 0 $aita 102 $aIT 105 $a--------001yy 200 1 $aServitù a favore di edificio futuro$fBiondo Biondi 210 $aTorino$cUnione Tipografico-Editrice Torinese$d1954 215 $a10 p.$d20 cm 300 $aEstratto da: Giurisprudenza italiana, 1954 Disp. 10, parte I, sez. 1a 700 1$aBiondi,$bBiondo$0184339 801 0$aIT$bUNINA$gRICA$2UNIMARC 901 $aBK 912 $a990008481210403321 952 $aDDR(E)-Biondi-1954.2$bEstr. 65 ddr$fDDR 959 $aDDR 996 $aServitù a favore di edificio futuro$9730696 997 $aUNINA LEADER 02212oam 2200553 450 001 9910139418203321 005 20170822132656.0 010 $a0-470-17283-5 035 $a(CKB)2500000000001589 035 $a(MH)000687466-5 035 $a(SSID)ssj0000354720 035 $a(PQKBManifestationID)11251833 035 $a(PQKBTitleCode)TC0000354720 035 $a(PQKBWorkID)10314227 035 $a(PQKB)10249452 035 $a(EXLCZ)992500000000001589 100 $a20741112d1975 uy 0 101 0 $aeng 181 $ctxt 182 $cc 183 $acr 200 10$aReinforced concrete structures /$fR. Park and T. Paulay$b[electronic resource] 210 0 $aNew York $cWiley$d[1975] 215 $a1 online resource (xvii, 769 p. )$cill. ; 300 $a"A Wiley-interscience publication." 300 $a"[Based on] two editions of seminar notes entitled Ultimate strength design of reinforced concrete structures, vol. 1, printed by the University of Canterbury for extension study seminars conducted for practicing structural engineers in New Zealand." 311 $a0-471-65917-7 320 $aIncludes bibliographical references and index. 606 $aReinforced concrete construction 606 $aReinforced concrete construction 606 $aCivil Engineering$2HILCC 606 $aCivil & Environmental Engineering$2HILCC 606 $aEngineering & Applied Sciences$2HILCC 608 $aElectronic books 615 0$aReinforced concrete construction. 615 0$aReinforced concrete construction 615 7$aCivil Engineering 615 7$aCivil & Environmental Engineering 615 7$aEngineering & Applied Sciences 676 $a624/.1834 700 $aPark$b R$g(Robert),$f1933-$0944444 702 $aPaulay$b T.$f1923-2009, 801 0$bDLC 801 1$bDLC 906 $aBOOK 912 $a9910139418203321 996 $aReinforced concrete structures$92131972 997 $aUNINA 999 $aThis Record contains information from the Harvard Library Bibliographic Dataset, which is provided by the Harvard Library under its Bibliographic Dataset Use Terms and includes data made available by, among others the Library of Congress